Football Jerseys - Statistics

General Stats
  • This quiz has been taken 549 times
  • The average score is 9 of 9
Answer Stats
Picture Answer % Correct
Brazil
99%
Chelsea
99%
FC Barcelona
99%
Manchester City
99%
Manchester United
99%
AC Milan
98%
England
97%
Borussia Dortmund
95%
Australia
78%
No matching quizzes found
Score Distribution
Percent of People with Each Score
Percentile by Number Answered
Your Score History
You have not taken this quiz